El Capitalismo agrario: y la cuestión territorial /
Enregistré dans:
| Auteur principal: | |
|---|---|
| Format: | Texte |
| Sujets: | |
| Tags: |
Ajouter un tag
Pas de tags, Soyez le premier à ajouter un tag!
|
MARC
| LEADER | 00000 a a2200000 04500 | ||
|---|---|---|---|
| 001 | 43278 | ||
| 003 | |||
| 040 | |||
| 100 | |a García Loureiro, María Rita | ||
| 245 | |a El Capitalismo agrario: |b y la cuestión territorial / |c María Rita García Loureiro | ||
| 650 | |a AGRICULTURA | ||
| 650 | |a PRODUCCION | ||
| 650 | |a CAPITALISMO | ||
| 773 | |g volumen6, número17 (1977). páginas 15-22 | ||
| 999 | |c 21544 |d 21544 | ||
| 773 | 0 | |0 18875 |9 5404 |a Universidad de Costa Rica. |d San José, Costa Rica: Universidad de Costa Rica. Consejo Superior Universitario Centroamericano, 1972- |o 13771 |t Estudios Sociales Centroamericanos / |x 03039676 | |
